Saltar al contenido

Телемедицина: история развития, перспективы и преимущества методические рекомендации для ординаторов и врачей

Изложена история развития телемедицинских технологий, обсуждены причины создания, нормативно-правовые документы, регламентирующие ее деятельность, освещены перспективы и преимущества телемедицины, а также развитие телемедицинских технологий на разных уровнях оказания медицинской помощи. Предназначен...

Descripción completa

Guardado en:
Detalles Bibliográficos
Autor principal: Панферова Е. В.
Otros Autores: Дворниченко В. В., Кривощекова О. В., Кукина М. В.
Formato: Книга
Lenguaje:Russian
Publicado: Иркутск ИГМУ 2018
Acceso en línea:https://e.lanbook.com/book/213437
https://e.lanbook.com/img/cover/book/213437.jpg
Etiquetas: Agregar Etiqueta
Sin Etiquetas, Sea el primero en etiquetar este registro!
LEADER 02002nam0a2200289 i 4500
001 213437
003 RuSpLAN
005 20221220174149.0
008 221220s2018 ru gs 000 0 rus
040 |a RuSpLAN 
041 0 |a rus 
044 |a ru 
080 |a 614.2.071:34.03 
084 |a 51.1(2)к  |2 rubbk 
245 0 0 |a Телемедицина: история развития, перспективы и преимущества  |b методические рекомендации для ординаторов и врачей  |c Панферова Е. В.,Дворниченко В. В.,Кривощекова О. В.,Кукина М. В. 
260 |a Иркутск  |b ИГМУ  |c 2018 
300 |a 24 с. 
504 |a Библиогр.: доступна в карточке книги, на сайте ЭБС Лань 
520 8 |a Изложена история развития телемедицинских технологий, обсуждены причины создания, нормативно-правовые документы, регламентирующие ее деятельность, освещены перспективы и преимущества телемедицины, а также развитие телемедицинских технологий на разных уровнях оказания медицинской помощи. Предназначены для ординаторов и врачей, обучающихся в системе высшего и дополнительного профессионального образования. 
521 8 |a Книга из коллекции ИГМУ - Медицина 
100 1 |a Панферова Е. В. 
700 1 |a Дворниченко В. В. 
700 1 |a Кривощекова О. В. 
700 1 |a Кукина М. В. 
856 4 |u https://e.lanbook.com/book/213437 
856 4 8 |u https://e.lanbook.com/img/cover/book/213437.jpg 
953 |a https://e.lanbook.com/img/cover/book/213437.jpg